| 000 -LEADER |
| fixed length control field |
00739nam a2200229Ia 4500 |
| 020 ## - INTERNATIONAL STANDARD BOOK NUMBER |
| ISBN |
2884490299 (Hardcover) |
| 020 ## - INTERNATIONAL STANDARD BOOK NUMBER |
| ISBN |
2884490302 (Softcover) |
| 040 ## - CATALOGING SOURCE |
| Transcribing agency |
HNK |
| 041 1# - LANGUAGE CODE |
| Language code of original and/or intermediate translations of text |
rus |
| 082 ## - DEWEY DECIMAL CLASSIFICATION NUMBER |
| Classification number |
512 GOR 1996 A060 Or. |
| 245 00 - TITLE STATEMENT |
| Title |
Exercises in algebra : |
| Remainder of title |
a collection of exercises in algebra, linear algebra and geometry / |
| 250 ## - EDITION STATEMENT |
| Edition statement |
Expanded English ed |
| 260 ## - PUBLICATION, DISTRIBUTION, ETC. (IMPRINT) |
| Place of publication |
Luxembourg : |
| Name of publisher |
Gordon and Breach Publishers, |
| Year of publication |
c1996 |
| 300 ## - PHYSICAL DESCRIPTION |
| Number of Pages |
xii, 464 p. ; |
| Dimensions |
24 cm |
| 490 1# - SERIES STATEMENT |
| Series statement |
Algebra, logic, and applications ; |
| 500 ## - GENERAL NOTE |
| General note |
"The present edition, prepared mainly by V.A. Artamonov ..."--P. xi |
| 650 #0 - SUBJECT ADDED ENTRY--TOPICAL TERM |
| Topical Term |
Algebra |
| 650 #0 - SUBJECT ADDED ENTRY--TOPICAL TERM |
| Topical Term |
Geometry, Algebraic |
| 700 1# - ADDED ENTRY--PERSONAL NAME |
| Personal name |
Kostrikin, A. I. |
| 700 1# - ADDED ENTRY--PERSONAL NAME |
| Personal name |
Artamonov, V. A. |
| 942 ## - ADDED ENTRY ELEMENTS (KOHA) |
| Koha item type |
សៀវភៅភាសាអង់គ្លេស |
| 952 ## - LOCATION AND ITEM INFORMATION (KOHA) |
| Withdrawn status [LOCAL, KOHA] |
0 |